Playboi Carti - Adlibs - Statistics

General Stats
  • This quiz has been taken 785 times
  • The average score is 2 of 5
Answer Stats
Hint Answer % Correct
1 What?
85%
4 Bih
41%
2 Slatt
40%
3 Homixide
39%
5 Seeya
34%
No matching quizzes found
Score Distribution
Percent of People with Each Score
Percentile by Number Answered
Your Score History
You have not taken this quiz